00417nam a22001457a 450000500170000001000150001702000260003203700130005808200080007110000240007924500610010326000400016427000470020430000200025120170503115549.0 aENG-118020 a9789380208169c750.00 bDBAD/PUB a954 aKhangarani, Sukhram aMagnificent monuments of india /cby khangarani sukhram  aKartar NagarbRahi Prakashan c2015 aL-45, Gali No-5 Kartar Nagar, Delhi-110053 a240pc22cm.[Hb]